|
|
|
|
| LEADER |
00000nas a22000001a 4500 |
| 001 |
vtls010302301 |
| 003 |
SK-MaSNL |
| 005 |
20260228161800.0 |
| 008 |
110810d19541954xo mr p r 0 b0slo |
| 015 |
|
|
|a SNBDS17XX9999
|
| 015 |
|
|
|a 1559
|2 Balúnová 1945-60
|
| 038 |
|
|
|a SNKBUDS
|
| 040 |
|
|
|a SNK
|b slo
|c SNK
|e AACR2
|
| 041 |
0 |
|
|a slo
|
| 044 |
|
|
|a xo
|c SK
|
| 080 |
|
|
|a 791.622
|2 2001
|
| 080 |
|
|
|a 791.43
|2 2001
|
| 080 |
|
|
|a 016
|2 2001
|
| 245 |
0 |
0 |
|a Súpis sovietskych článkov na tému Film
|
| 246 |
1 |
3 |
|a Súpis sovietskych a ľudovodemokratických článkov na tému film
|f 4/II 1954-9/II 1954
|
| 260 |
|
|
|a Košice
|b Štátna študijná knižnica v Košiciach
|b Československo-sovietsky inštitút v Bratislave
|c 1954
|
| 300 |
|
|
|a 1 roč.
|c 30 x 21 cm
|
| 310 |
|
|
|a 1x mesačne
|
| 362 |
0 |
|
|a Roč. II, č. 1 (1954)-č. 9 (1954)
|
| 500 |
|
|
|a Vych. v Košiciach mesačne
|
| 500 |
|
|
|a Red. sa neuvádza
|
| 500 |
|
|
|a Vyd. Štátna študijná knižnica v Košiciach a Československo-sovietsky inštitút v Bratislave
|
| 500 |
|
|
|a Tlač. rozmnož. ormigom
|
| 505 |
8 |
0 |
|g Roč. II. 1954 9 č. 1118 zázn.
|
| 580 |
|
|
|a Nadviazal na Súpis sovietskych článkov na tému divadlo a film. Pokračoval v r. 1955 pod názvom Vedy o umení - film
|
| 650 |
0 |
7 |
|a film
|2 SNKPH
|9 1425
|
| 650 |
0 |
7 |
|a bibliografie
|2 SNKPH
|9 266061
|
| 655 |
|
7 |
|a bibliografické súpisy
|2 SNKBUDS
|9 269543
|
| 710 |
2 |
|
|a Slovenská akadémia vied.
|b Československo-sovietsky inštitút
|9 223769
|
| 710 |
2 |
|
|a Štátna študijná knižnica (Košice, Slovensko)
|4 pbl
|9 256973
|
| 780 |
0 |
0 |
|t Súpis sovietskych článkov na tému divadlo a film
|
| 785 |
0 |
0 |
|t Vedy o umení - film
|
| 852 |
|
|
|a SNK
|b 10000
|h ČSC 640
|
| 852 |
|
|
|a SVKKK
|b 900000
|h B 1389
|
| 999 |
|
|
|c 6035
|d 7965
|